| 000 | 00793cam a2200241 a 4500 | ||
|---|---|---|---|
| 001 | 000012140 | ||
| 005 | 20200929162719.0 | ||
| 008 | 980415s1998 ck ac 000 0 spa | ||
| 020 | _a9582001011 (colección) | ||
| 020 | _a9582003855 | ||
| 040 |
_aDO-SdBNP _bspa _cBNPHU |
||
| 082 |
_a133.43 _bB517b |
||
| 100 | 1 |
_aBernal Arroyave, Guillermo. _928686 |
|
| 245 | 1 | 0 |
_aBrujas y brujerías : _bpropuestas para pasarla espantosamente bien / _cGuillermo Bernal Arroyave. |
| 260 |
_aSantafé de Bogotá : _bCooperativa Editorial Magisterio, _c1998. |
||
| 300 |
_a86 p. : _bil. ; _c24 cm. |
||
| 490 | 1 | _aAula Alegre | |
| 490 | 1 | _aMagisterio | |
| 650 | 4 |
_aBrujas _928687 |
|
| 650 | 4 |
_aBrujería _xLiteratura infantil _928688 |
|
| 650 | 4 |
_aMagia _911033 |
|
| 830 | 0 |
_aAula alegre ; _pMagisterio _928689 |
|
| 999 |
_c11805 _d11805 |
||